000
00234nam a2200109Ia 4500
008
200302s9999 xx 000 0 und d
100
_a
Author
245
_a
Sky Landscape
260
_b
CA Press Co.
260
_c
2009
300
_a
256 P.,
999
_c
2763
_d
2763